000 00745nam a22002537a 4500
003 DO-SdBNP
005 20171124160250.0
008 171124b 1974 sp a|| 00| 0 spa d
020 _a8425503620
040 _aBPMSU
_bspa
_cBPMSU
082 _axxxxxx
_bxxxxxx
100 1 _aPérez Carrillo, Miguel J.
245 1 _aGimnasia estética masculina /
_cMiguel J. Pérez Carrillo, Ernesto de Ceano-Vivas López
250 _a2a ed.
260 _aEspaña :
_bHispano Europea,
_c1974.
300 _a165 p. :
_bil.;
_c21 cm.
490 1 _aHerakles
490 1 _aC - Cultura física
830 0 _aHerakles
830 0 _aC - Cultura física
942 _2ddc
_cBK
945 _aInventariado extranjero / 2017 BT
956 _aBTAVAREZ
_b10
_c20171124
_d0038
999 _c13105
_d13105